Statistics for First Line of Shakespeare's Tragedies

Click here to take the quiz!

General Stats

  • This quiz has been taken 58 times
  • The average score is 8 of 11

Answer Stats

First Line(s)Tragedy% Correct
Two households, both alike in dignity, In fair Verona, where we lay our scene, From ancient grudge break to new mutiny, Where civil blood makes civil hands unclean. From forth the fatal loins of these two foes A pair of star-cross'd lovers take their life; Whose misadventur'd piteous overthrows Doth with their death bury their parents' strife.Romeo and Juliet
97%
When shall we three meet again In thunder, lightning, or in rain? / When the hurlyburly's done, When the battle's lost and won.Macbeth
86%
Tush! never tell me; I take it much unkindly That thou, Iago, who hast had my purse As if the strings were thine, shouldst know of this.Othello
86%
I thought the king had more affected the Duke of Albany than Cornwall. / It did always seem so to us: but now, in the division of the kingdom, it appears not which of the dukes he values most; for equalities are so weighed, that curiosity in neither can make choice of either's moiety.King Lear
81%
Who’s there? / Nay, answer me. Stand and unfold yourself.Hamlet
76%
In Troy, there lies the scene. From isles of Greece The princes orgillous, their high blood chaf'd, Have to the port of Athens sent their ships Fraught with the ministers and instruments Of cruel war. Sixty and nine that wore Their crownets regal from th' Athenian bay Put forth toward Phrygia; and their vow is made To ransack Troy, within whose strong immures The ravish'd Helen, Menelaus' queen, With wanton Paris sleeps-and that's the quarrel.Troilus and Cressida
68%
Noble patricians, patrons of my right, Defend the justice of my cause with arms; And, countrymen, my loving followers, Plead my successive title with your swords. I am his first born son that was the last That ware the imperial diadem of Rome; Then let my father's honours live in me, Nor wrong mine age with this indignity.Titus Andronicus
65%
Nay, but this dotage of our general’s O’erflows the measure. Those his goodly eyes, That o’er the files and musters of the war Have glowed like plated Mars, now bend, now turn The office and devotion of their view Upon a tawny front. His captain’s heart, Which in the scuffles of great fights hath burst The buckles on his breast, reneges all temper And is become the bellows and the fan To cool a gipsy’s lust.Antony and Cleopatra
59%
Before we proceed any further, hear me speak. / Speak, speak.Coriolanus
51%
Hence, home, you idle creatures, get you home. Is this a holiday? What, know you not, Being mechanical, you ought not walk Upon a labouring day without the sign Of your profession? Speak, what trade art thou?Julius Caesar
49%
Good day, sir. / I am glad y'are well.Timon of Athens
32%

Score Distribution

Percentile by Number Answered

Percent of People with Each Score

Your Score History

You have not taken this quiz